000 00433nam a22001817a 4500
003 MPLRDC
005 20220104143527.0
008 210129b ||||| |||| 00| 0 eng d
020 _a7-80039-959-1
082 _a857.63 CR
100 _a陈染
245 _a凡墙都是门
_c
250 _a一版一刷
260 _a中国
_b华艺出版社
_c1996
300 _b337
650 _a短篇小说--别集
942 _cBK
_o857.63 CR
999 _c40790
_d40780